The measure of a man, (Record no. 9072)

MARC details
000 -LEADER
fixed length control field 00507nam a2200193 4500
001 - CONTROL NUMBER
control field 1010339
003 - CONTROL NUMBER IDENTIFIER
control field GBCCL
005 - DATE AND TIME OF LATEST TRANSACTION
control field 20241126110704.0
008 - FIXED-LENGTH DATA ELEMENTS--GENERAL INFORMATION
fixed length control field 740806s1974 cau 000 0 eng
010 ## -
-- 74175983
040 ## - CATALOGING SOURCE
Original cataloging agency DLC
Transcribing agency DLC
Modifying agency m.c.
-- CNC
082 ## - DEWEY DECIMAL CLASSIFICATION NUMBER
Classification number 248.842
Item number GET
100 1# - MAIN ENTRY--PERSONAL NAME
Personal name Getz, Gene A
9 (RLIN) 3083
245 14 - TITLE STATEMENT
Title The measure of a man,
Statement of responsibility, etc. by Gene A. Getz
260 ## - PUBLICATION, DISTRIBUTION, ETC.
Place of publication, distribution, etc. Glendale, Calif.,
Name of publisher, distributor, etc. G/L Regal Books
Date of publication, distribution, etc. [1974]
300 ## - PHYSICAL DESCRIPTION
Extent 219 p.
Dimensions 18 cm
650 #0 - SUBJECT ADDED ENTRY--TOPICAL TERM
Topical term or geographic name entry element Men
General subdivision Religious life
9 (RLIN) 566
942 ## - ADDED ENTRY ELEMENTS (KOHA)
Source of classification or shelving scheme Dewey Decimal Classification
Koha item type Books
Holdings
Withdrawn status Lost status Source of classification or shelving scheme Damaged status Not for loan Home library Current Library Shelving location Date acquired Total checkouts Full call number Barcode Date last seen Copy number Price effective from Koha item type
    Dewey Decimal Classification     GRACE BIBLE COLLEGE GRACE BIBLE COLLEGE Ministry & Mission 2022-04-04   248.842 GET 005567 2025-05-01 c.1 2022-04-04 Books
© Grace Bible College Library 2025